000 01013nam a22003377a 4500
003 CHAP
005 20220504172650.0
008 971010s1989 r 00010 d
010 _a76
011 _a1048
035 _a223
040 _cCHAP
090 _aTesis
100 0 0 _aSánchez Martínez, Antonio.
_9107676
245 _aMonografía de Gmelina arborea Roxb. y situación en México
260 _aChapingo, Méx. :
_bEl autor,
_c1989
300 _a153 h.
_b: mapas
502 _aTesis (Ing. Agr. Esp. en Bosques) -- UACH. División de Ciencias Forestales
590 _aALEPH
_b10
_c20130110
590 _aBATCH-UPD
_b10
_c20130110
590 _aBATCH-UPD
_b10
_c20130110
590 _aBATCH-UPD
_b10
_c20130409
590 _aBATCH-UPD
_b10
_c20130410
590 _aBATCH-UPD
_b10
_c20130914
590 _aCONVERSION
_b10
_c20130109
650 1 4 _aGmelina arborea.
_948343
650 1 4 _aPlantas melíferas.
_989030
901 _aBK
942 _cTESIS
_2ddc
949 _bBC
_cTES
_d-9662
_eTS1
_h22126
_i223
_si
999 _c76
_d76